Closing nutrient cycles in decentralised water treatment systems in the Mekong Delta : SANSED project - Final report

Enregistré dans:
Détails bibliographiques
Format: Livre
Langue:Undetermined
Publié: Viet Nam The SANSED project 2009
Sujets:
Tags: Ajouter un tag
Pas de tags, Soyez le premier à ajouter un tag!
Thư viện lưu trữ: Trung tâm Học liệu Trường Đại học Cần Thơ
LEADER 00621nam a2200193Ia 4500
001 CTU_143963
008 210402s9999 xx 000 0 und d
082 |a 628.162 
082 |b C645/B.31 
245 0 |a Closing nutrient cycles in decentralised water treatment systems in the Mekong Delta : 
245 0 |b SANSED project - Final report 
245 0 |c Report edited by Ute Arnold, Frank Gresens 
260 |a Viet Nam 
260 |b The SANSED project 
260 |c 2009 
650 |a Water,Nước 
650 |x Purification,Làm sạch 
904 |i Giang 
980 |a Trung tâm Học liệu Trường Đại học Cần Thơ